[Event "COL-ch School U15 Girls"]
[Site "Monteria"]
[Date "2016.12.10"]
[Round "4.5"]
[White "Moreau Lopez, Michelle Marie"]
[Black "Lopez Diaz, Valentina"]
[Result "1-0"]
[WhiteElo "1433"]
[BlackElo "1406"]
[PlyCount "77"]
[EventDate "2016.12.07"]
[EventType "swiss"]
[EventRounds "6"]
[EventCountry "COL"]
[SourceTitle "EXT 2024"]
[Source "ChessBase"]
[SourceDate "2023.10.10"]
[SourceVersion "1"]
[SourceVersionDate "2023.10.10"]
[SourceQuality "1"]

1. e4 Nc6 2. Nf3 Nf6 3. Nc3 e5 4. d3 Bd6 5. Be2 h6 6. 0-0 Bc5 7. Be3 Bxe3 8. fxe3 d6 9. d4 0-0 10. b3 Ng4 11. Qd2 f5 12. Bc4+ Kh8 13. exf5 Bxf5 14. e4 Bg6 15. Qd3 Nb4 16. Qe2 Nc6 17. Bd5 exd4 18. Nxd4 Rxf1+ 19. Rxf1 Qh4 20. Nf3 Qh5 21. Nb5 a6 22. Nxc7 Nd4 23. Nxa8 Nxf3+ 24. gxf3 Nf6 25. Bc4 Qg5+ 26. Kh1 Qf4 27. Nb6 Nh5 28. Nd5 Qh4 29. Rg1 Bf7 30. Rg4 Qh3 31. Nf4 Nxf4 32. Rxf4 Bh5 33. Rf8+ Kh7 34. Bg8+ Kg6 35. Qf2 a5 36. Qg1+ Bg4 37. fxg4 Qc3 38. Qf1 Qxc2 39. Qf5# 1-0